| 000 | 00735nam a22001937a 4500 | ||
|---|---|---|---|
| 003 | BD-DhUL | ||
| 005 | 20161107120846.0 | ||
| 008 | 161107s2003 bg |||| |||| 000 0 ben d | ||
| 040 |
_aBD-DhUL _cBD-DhUL |
||
| 082 |
_a370.92 _bKAP |
||
| 100 | 1 | _aকাফিল, আহমাদ। | |
| 245 | 1 |
_aপ্রিন্সিপাল ইবরাহীম খাঁ-র কর্ম ও জীবন / _cআহমাদ কাফিল। |
|
| 260 |
_aঢাকা : _bতন্ময়, _c২০০৩। |
||
| 300 |
_a৪৯১পৃ. : _bচিত্র ; _c২২ সেমি.। |
||
| 365 |
_aBDT _b350.00 |
||
| 650 | 0 |
_aইবরাহীম খাঁ _xজীবনী |
|
| 650 | 0 |
_aKhan, Ibrahim _xBiography |
|
| 942 |
_2ddc _cBK |
||
| 999 |
_c120383 _d120383 |
||